|
|
|
|
| LEADER |
00000nab a2200000 4500 |
| 001 |
vtls011760558 |
| 003 |
SK-MaSNL |
| 005 |
20260318114436.0 |
| 008 |
180606c2017 xo er|n || ||00 c0ukr |
| 015 |
|
|
|a SNBRB2018/06
|
| 038 |
|
|
|a SVKPOCL
|
| 040 |
|
|
|a SVKPOCL
|b slo
|c SVKPOCL
|e rda
|
| 041 |
0 |
|
|a ukr
|
| 043 |
|
|
|a e-xo---
|
| 044 |
|
|
|a xo
|c SK
|
| 072 |
|
7 |
|a 398
|x Folklór. Ľudové tradície
|2 konspekt
|
| 072 |
|
7 |
|a 784
|x Vokálna hudba
|2 konspekt
|
| 080 |
|
|
|a 78.031.4.071.2
|2 2011
|
| 080 |
|
|
|a 785.6
|2 2011
|
| 080 |
|
|
|a 784.4
|2 2011
|
| 080 |
|
|
|a 316.022.4(=161.25)(=161.2):061.2
|2 2011
|
| 080 |
|
|
|a (437.6)
|2 2011
|
| 080 |
|
|
|a 398.8
|2 2011
|
| 100 |
1 |
|
|a Oleárová, Eva,
|d 1945-
|4 aut
|9 112050
|
| 245 |
1 |
0 |
|a «Ne zabuď svoju kolysku» v Staščyns'kij Roztoci
|c Jeva Olear.
|
| 246 |
3 |
3 |
|a Nezabudni na svoju kolísku
|
| 300 |
|
|
|b Fotografie
|
| 336 |
|
|
|a text
|b txt
|2 rdacontent
|
| 337 |
|
|
|a bez média
|b n
|2 rdamedia
|
| 338 |
|
|
|a zväzok
|b nc
|2 rdacarrier
|
| 500 |
|
|
|a V rubrike Dijaľnisť našoho Sojuzu
|
| 600 |
1 |
7 |
|a Poráčová, Anna,
|d 1962-
|2 SNKMA
|9 112609
|
| 600 |
1 |
7 |
|a Mačošková, Mária,
|d 1940-
|2 SNKMA
|9 253209
|
| 600 |
1 |
7 |
|a Pyteľ, Michal,
|d 1916-2006
|2 SNKMA
|9 140789
|
| 600 |
1 |
7 |
|a Duchnovyč, Oleksandr,
|d 1803-1865
|2 SNKMA
|9 192471
|
| 600 |
1 |
7 |
|a Smoter, Jozef
|2 svkpocl
|9 1630409
|
| 600 |
1 |
7 |
|a Jevčáková, Alexandra
|2 svkpocl
|9 1141576
|
| 600 |
1 |
7 |
|a Nogrády, Jaroslav
|2 svkpocl
|9 1630410
|
| 600 |
1 |
7 |
|a Petriščák, Mikuláš,
|d 1958-
|2 svkpocl
|9 1513504
|
| 600 |
1 |
7 |
|a Kreta, Igor,
|d 1951-
|2 svkpocl
|9 976327
|
| 610 |
2 |
7 |
|a Zväz Rusínov-Ukrajincov Slovenskej republiky.
|b Ústredná rada
|2 SNKKA
|9 111945
|
| 610 |
2 |
7 |
|a Zväz Rusínov-Ukrajincov Slovenskej republiky.
|b Regionálna rada (Humenné, Slovensko)
|2 svkpocl
|9 1031885
|
| 610 |
2 |
7 |
|a Zväz Rusínov-Ukrajincov Slovenskej republiky
|2 SNKKA
|9 18604
|
| 611 |
2 |
7 |
|a Nezabudni na svoju kolísku
|d (2017 :
|c Šarišské Čierne, Slovensko)
|2 svkpocl
|9 1630402
|
| 648 |
|
7 |
|a 12.11.2017
|2 svkpocl
|9 1610689
|
| 650 |
0 |
7 |
|a koncerty
|2 SNKPH
|9 19182
|
| 650 |
0 |
7 |
|a folklór
|2 SNKPH
|9 19213
|
| 650 |
0 |
7 |
|a ukrajinské piesne
|2 SNKPH
|9 3455
|
| 650 |
0 |
7 |
|a ľudové piesne
|2 SNKPH
|9 1941
|
| 650 |
0 |
7 |
|a slavistika
|2 SNKPH
|9 4282
|
| 650 |
0 |
7 |
|a ukrajinistika
|2 SNKPH
|9 51200
|
| 650 |
0 |
7 |
|a Rusíni
|2 SNKPH
|9 4087
|
| 650 |
0 |
7 |
|a Ukrajinci
|2 SNKPH
|9 19025
|
| 650 |
0 |
7 |
|a kultúrne podujatia
|2 SNKPH
|9 71676
|
| 651 |
|
7 |
|a Prešov (Slovensko)
|2 SNKPHgeo
|9 17347
|
| 651 |
|
7 |
|a Slovensko
|2 SNKPH
|9 14231
|
| 651 |
|
7 |
|a Stakčínska Roztoka (Slovensko)
|2 SNKPHgeo
|9 51249
|
| 773 |
0 |
|
|t Nove žyttja
|g Roč. 67, č. 23 (2017), s. 2
|
| 852 |
|
|
|a SVKPO
|b KIS3GCP
|
| 958 |
|
|
|a SS
|
| 958 |
|
|
|a BX
|
| 958 |
|
|
|a UK
|
| 958 |
|
|
|a RN
|
| 999 |
|
|
|c 3363992
|d 3365922
|